[Event "Vallfogona rapid op 21st"]
[Site "Vallfogona de Balaguer"]
[Date "2013.09.21"]
[Round "1"]
[White "Lopez Martinez, Josep Manuel"]
[Black "Vidal Rosell, Jose"]
[Result "1-0"]
[WhiteElo "2543"]
[BlackElo "1859"]
[PlyCount "57"]
[EventDate "2013.09.21"]
[EventType "swiss (rapid)"]
[EventRounds "11"]
[EventCountry "ESP"]
[SourceTitle "CBM 156 Extra"]
[Source "ChessBase"]
[SourceDate "2013.10.22"]
[SourceVersion "1"]
[SourceVersionDate "2013.10.22"]
[SourceQuality "1"]

1. c4 e5 2. Nc3 f5 3. d4 d6 4. Nf3 Nc6 5. d5 Nce7 6. e4 Nf6 7. exf5 Bxf5 8. Be2 Qd7 9. 0-0 Ng6 10. c5 a6 11. Qb3 Qc8 12. Ng5 Be7 13. cxd6 Bxd6 14. Be3 0-0 15. Rac1 Ng4 16. Ne6 Bxe6 17. dxe6 Nxe3 18. fxe3 Ne7 19. Ne4 Qd8 20. Rxf8+ Qxf8 21. Rf1 Qc8 22. Rf7 b5 23. Nxd6 cxd6 24. Rxe7 Qc1+ 25. Bf1 Rf8 26. Rf7 Rxf7 27. exf7+ Kf8 28. Qe6 Qxe3+ 29. Kh1 1-0

[Event "Balaguer op 17th"]
[Site "Balaguer"]
[Date "2012.06.21"]
[Round "6"]
[White "Vidal Rosell, Jose"]
[Black "Trepat Herranz, Joan"]
[Result "0-1"]
[WhiteElo "1872"]
[BlackElo "2299"]
[PlyCount "40"]
[EventDate "2012.06.16"]
[EventType "swiss"]
[EventRounds "9"]
[EventCountry "ESP"]
[SourceTitle "EXT 2013"]
[Source "ChessBase"]
[SourceDate "2012.11.22"]
[SourceVersion "1"]
[SourceVersionDate "2012.11.22"]
[SourceQuality "1"]

1. e4 c5 2. f4 g6 3. Nf3 Bg7 4. Nc3 Nc6 5. Bc4 e6 6. a3 Nge7 7. 0-0 d5 8. Ba2 dxe4 9. Nxe4 0-0 10. c3 b6 11. Qe2 Bb7 12. Nfg5 Nd5 13. Re1 Nxf4 14. Qg4 Nd3 15. Rf1 Nce5 16. Qh3 h6 17. Nxf7 Nxf7 18. Qxe6 Kh7 19. Rxf7 Rxf7 20. Nd6 Re7 0-1

[Event "Bellpuig op 2nd"]
[Site "Bellpuig"]
[Date "2012.01.28"]
[Round "3"]
[White "Vidal Rosell, Jose"]
[Black "Alferez Valls, Ramon"]
[Result "1/2-1/2"]
[WhiteElo "1870"]
[BlackElo "1539"]
[PlyCount "112"]
[EventDate "2012.01.14"]
[EventType "swiss"]
[EventRounds "8"]
[EventCountry "ESP"]
[SourceTitle "EXT 2014"]
[Source "ChessBase"]
[SourceDate "2013.11.20"]
[SourceVersion "1"]
[SourceVersionDate "2013.11.20"]
[SourceQuality "1"]

1. e4 e6 2. f4 d5 3. e5 c5 4. Nf3 Nc6 5. c3 Nge7 6. Bb5 Qb6 7. Qe2 Bd7 8. Ba4 0-0-0 9. d3 Nf5 10. 0-0 Be7 11. Bc2 d4 12. c4 h5 13. Re1 Rdg8 14. Nbd2 g5 15. fxg5 Bxg5 16. Nxg5 Rxg5 17. Ne4 Rg6 18. Nf6 Nb4 19. Bd1 Bc6 20. Ne4 Rhg8 21. g3 h4 22. Bf4 hxg3 23. h3 Bxe4 24. Qxe4 Qc6 25. a3 Na6 26. Bf3 Nb8 27. b4 Nh4 28. Qxc6+ bxc6 29. Be4 Nf5 30. b5 Rh8 31. Bxf5 exf5 32. Kg2 cxb5 33. cxb5 Re8 34. Kf3 Rge6 35. Bxg3 Nd7 36. Rac1 Nxe5+ 37. Bxe5 Rxe5 38. Rxe5 Rxe5 39. Kf4 Re3 40. h4 Kb7 41. h5 Kb6 42. h6 Re8 43. a4 Rh8 44. Kg5 f4 45. a5+ Kxb5 46. Rf1 c4 47. Rxf4 c3 48. Rxd4 c2 49. Rc4 Rg8+ 50. Kf5 Rg2 51. Kf6 Rg6+ 52. Kxf7 Rxh6 53. Rxc2 Kxa5 54. Ke7 Kb4 55. d4 a5 56. d5 a4 1/2-1/2

[Event "Tancats de l'Urgell C"]
[Site "Tarrega"]
[Date "2011.04.15"]
[Round "2.1"]
[White "Montoliu Daroca, Imma"]
[Black "Vidal Rosell, Jose"]
[Result "1-0"]
[WhiteElo "1961"]
[BlackElo "1940"]
[PlyCount "69"]
[EventDate "2011.04.08"]
[EventType "tourn"]
[EventRounds "9"]
[EventCountry "ESP"]
[SourceTitle "EXT 2023"]
[Source "ChessBase"]
[SourceDate "2022.10.05"]
[SourceVersion "1"]
[SourceVersionDate "2022.10.05"]
[SourceQuality "1"]

1. c4 e5 2. Nc3 f5 3. g3 Nf6 4. Bg2 c6 5. e3 d5 6. cxd5 cxd5 7. Qb3 e4 8. Nge2 Nc6 9. Nf4 d4 10. Nce2 g5 11. Ne6 Qd6 12. N6xd4 Ne5 13. 0-0 Nd5 14. Nb5 Qf6 15. Qxd5 Be6 16. Nc7+ Kf7 17. Qxe6+ Qxe6 18. Nxe6 Kxe6 19. Nd4+ Kf6 20. b3 Nd3 21. Rd1 Bd6 22. Bf1 Ne5 23. Bb2 a6 24. f4 gxf4 25. exf4 Bc5 26. Kg2 Nd7 27. Nc2+ Ke6 28. Bc4+ Kd6 29. Bxh8 Rxh8 30. Ne3 Rf8 31. a4 Bd4 32. Rab1 Kc5 33. Be6 Bxe3 34. dxe3 Nb8 35. Rd5+ 1-0